000 00559nam a22001817a 4500
999 _c3062
_d3062
003 OSt
005 20210810092657.0
008 210810b ||||| |||| 00| 0 eng d
020 _a0969061900
040 _cALUPE UNIVERSITY
050 _aRC86.7
_b.S5 1981
245 _a Synopsis of critical care
260 _aLondon
_bVictoria Hospital
_cc1981.
300 _av, 269 p. : ill. (some col.) ; 28 cm.
650 _a Critical care medicine. Médecine d'urgence. Critical Care. Intensive Care Units.
700 _aWilliam J Sibbald
942 _2lcc
_cBK
_nJO